000 00669nam a2200181Ia 4500
008 100920s9999 xx 000 0 und d
082 _b28323
_a28 व 891 थ 89
100 _aप्रभु सुधाकर.
245 _aइना,मिना,डिका.
260 _bवोरा ऍण्ड कंपनी पब्लिशर्स प्रा. लि., मंुबई 2.
_c1989
300 _a64
_bसाधी
365 _b14
520 _aबा.वि.लघुकथा.
630 _aइना,मिना,डिका.
650 _aबा.वि.लघुकथा.
730 _aइना,मिना,डिका.
942 _cBOOK
999 _c684721
_d684718